Religion, Corporate Governance, and Executive Compensation

Vplyv náboženstva na úroveň a štruktúru odmeňovania exekutívnych pracovníkov v podnikoch sídliacich v USA. Katolícka prémia, protestantská zľava.

Gespeichert in:
Bibliographische Detailangaben
1. Verfasser: Čornanič, Aleš
Weitere Verfasser: Novák, Jiří, Šarapatka, Jan
Format: Buchkapitel
Sprache:Englisch
Schlagworte:
Tags: Tag hinzufügen
Keine Tags, Fügen Sie das erste Tag hinzu!

MARC

LEADER 00000nla a2200000 4500
001 0242201
005 20240417075136.3
041 0 |a eng 
044 |a CZ 
245 1 0 |a Religion, Corporate Governance, and Executive Compensation  |c Aleš Čornanič, Jiří Novák, Jan Šarapatka 
520 |a Vplyv náboženstva na úroveň a štruktúru odmeňovania exekutívnych pracovníkov v podnikoch sídliacich v USA. Katolícka prémia, protestantská zľava. 
610 2 0 |a podnik 
610 2 0 |a správa podniku 
610 2 0 |a správa spoločnosti 
610 2 0 |a pracovníci vedúci 
610 2 0 |a pracovníci riadiaci 
610 2 0 |a mzdy 
610 2 0 |a odmeňovanie 
610 2 0 |a náboženstvo 
610 2 0 |a hodnota 
610 2 0 |a personalistika 
610 2 0 |a USA 
100 1 |a Čornanič, Aleš 
700 1 |a Novák, Jiří 
700 1 |a Šarapatka, Jan